|
|
|
|
| LEADER |
00736nab a2200217 i 4500 |
| 001 |
misc63559 |
| 005 |
20241016111306.0 |
| 008 |
220523s1936 hu o 000 fre d |
| 040 |
|
|
|a SZTE Miscellanea Repozitórium
|b hun
|
| 041 |
|
|
|a fre
|
| 100 |
2 |
|
|a Langas-Sezen A.
|
| 245 |
1 |
3 |
|a La réforme de la langue turque et la théorie "Güneș-dil"
|h [elektronikus dokumentum] /
|c Langas-Sezen A.
|
| 260 |
|
|
|c 1936
|
| 300 |
|
|
|a [2] p.
|c 28 cm
|
| 490 |
0 |
|
|a Les annales de Turquie
|
| 561 |
|
|
|a Németh Gyula hagyaték
|
| 591 |
|
|
|a NOA 3090
|
| 650 |
|
4 |
|a Bölcsészettudományok
|
| 650 |
|
4 |
|a Nyelvek és irodalom
|
| 695 |
|
|
|a Török nyelvtörténet, Ősnyelv
|
| 856 |
4 |
0 |
|u http://misc.bibl.u-szeged.hu/63559/1/3090_noa_l24.pdf
|z Dokumentum-elérés
|